000 01112nam a22003257a 4500
003 CHAP
005 20220329135153.0
008 971013s1980 r 00010 d
010 _a32080
011 _a33052
035 _a37167
040 _cCHAP
082 _a631.46
_bN4
100 0 0 _aNewton, William Edward.
_981110
245 _aNitrogen fixation
260 _aBaltimore, Md. :
_bUniversity Park,
_c1980
300 _a2 v.
_b: ilus. ; gráfs.
505 _aContenido : v.1 Freed-living systems and chemical models.--v.2 Symbiotic associations and cyanobacteria
590 _aBATCH-UPD
_b10
_c20130110
_lUCH01
_h1836
590 _aBATCH-UPD
_b10
_c20130410
_lUCH01
_h1207
590 _aBATCH-UPD
_b10
_c20130914
_lUCH01
_h1839
590 _aCONVERSION
_b10
_c20130109
_lUCH01
_h1318
650 1 4 _aNitrógeno
_xFijación.
_981472
650 1 4 _aRhizobium.
_997124
700 0 _aOrme-Johnson, William H.
_983601
901 _aBK
942 _cLIBRO
949 _a631.46 N4
_bBC
_cLIBRO
_d33724000078432
_eLIBRO
_fv.1
_h51852
_i37167
_si
949 _a631.46 N4
_bBC
_cLIBRO
_d33724000917597
_eLIBRO
_fv.2
_h51853
_i37167
_si
999 _c32080
_d32080